Cieszyn dělá dojem
| Titel: | Cieszyn dělá dojem = Cieszyn macht Eindruck / Text/technicka redakce: Renata Karpińska ; překlad z polštiny Jan Baron. Übersetzung aus dem Polnischen Magdalena Engelmann |
|---|---|
| Beteiligt: | ; ; |
| Körperschaft: | |
| Veröffentlicht: | Cieszyn : Městský úřad. Odbor kultury a cestovního ruchu, 2014 |
| Umfang: | 52 Seiten : zahlreiche Illustrationen |
| Format: | Buch |
| Sprache: | Tschechisch; Deutsch |
| ISBN: | 9788389835659 |
alg: 37597149 001A $03004:16-03-16 001B $03025:17-12-25 $t15:06:59.000 001D $03004:16-03-16 001U $0utf8 001X $00 002@ $0Aau 002C $aText $btxt $2rdacontent 002D $aohne Hilfsmittel zu benutzen $bn $2rdamedia 002E $aBand $bnc $2rdacarrier 003@ $0375971491 003O $0890412426 $aOCoLC 004A $A978-83-89835-65-9 007A $0375971491 $aHEB 010@ $acze $ager 010E $erda 011@ $a2014 013D $RFührer $#Kunst Führer $#Kunstreiseführer $74166029-8 $8Kunstführer [Ts1] $9085745626 021A $aCieszyn dělá dojem $fCieszyn macht Eindruck $hText/technicka redakce: Renata Karpińska ; překlad z polštiny Jan Baron. Übersetzung aus dem Polnischen Magdalena Engelmann 028C $BVerfasser von ergänzendem Text $4wst $7 $8Karpińska, Renata [Tnd] $9284483842 028C $BÜbersetzer $4trl $7 $8Baron, Jan [Tnu] $9331996898 028C $BÜbersetzer $4trl $7 $8Engelmann, Magdalena [Tnu] $9375971327 029A $BGeistiger Schöpfer $RTeschen $RTeschen $#Polnisch-Teschen $4cre $74088880-0 $8Cieszyn [Tg1] $9085249394 033A $pCieszyn $nMěstský úřad. Odbor kultury a cestovního ruchu 034D $a52 Seiten 034M $azahlreiche Illustrationen 044K $RTeschen $RTeschen $#Polnisch-Teschen $74088880-0 $8Cieszyn [Tg1] $9085249394 045F $a910.94385 $eDDC23BSB 045F/01 $a910 045F/03 $g4385 045G $a306.094385 $eDDC23BSB 045G/01 $a306.09 045G/03 $g4385 lok: 37597149 24 101B $029-07-16 $t11:06:35.000 101C $029-07-16 101U $0utf8 145Z/01 $a35 8 T 10 145Z/02 $a35 2 B 145Z/03 $a35 15 M exp: 37597149 24 1 #EPN 201B/01 $029-07-16 $t11:06:35.000 201C/01 $016-03-16 201U/01 $0utf8 203@/01 $0770042015 208@/01 $a29-07-16 $bz 209A/01 $a16.01115 $du $f050 $h16 01115 $x00 209C/01 $a16.01115 G $h16 01115 G 209G/01 $a73889871 $x00 220C/01 $ahae 247C/01 $8358050-7Marburg, Bibliothek des Herder-Instituts Marburg $9102600961 lok: 37597149 78 exp: 37597149 78 1 #EPN 201B/01 $007-11-19 $t12:49:18.000 201C/01 $007-11-19 201U/01 $0utf8 203@/01 $01067547738 208@/01 $a07-11-19 $be 209A/01 $a/ $f000 $x00 209A/01 $ab*p $x01 220C/01 $apgar 244Z/01 $#Generalgouvernement Polen $#Polska $#Rzeczpospolita Polska $#Polska Rzeczpospolita Ludowa $#Poland $#Pologne $#République Polonaise $#Generalne Gubernatorstwo w Polsce $#Polish People's Republic $#Polska Rzeczpospolita Polen $#PRL $#RP $#Polen Generalgouvernement $#Polska Generalgouvernement $#Besetzte Polnische Gebiete $#Besetztes Gebiet in Polen $#Okupowane Polskie Obszary $#Obszary Okupowane w Polsce $#Volksrepublik Polen $#Polska Rosyjska $#Republic Polen $#Respublika Pol'ša $#Pol'skaja Narodnaja Respublika $#République de Pologne $#Polen Links der Weichsel $#Polska po Lewej Stronie Wisły $#Lenkija $#Polija $#Gubernija Carstva Pol'skago $#Republik Polen $74046496-9 $8--Tg1--Polen $x01 $9085129801 244Z/01 $#Schlesien $#Schlesien $#Herzogtum Schlesien $#Herzogtum Schlesien Schlesien $#Provinz Schlesien $#Śla̜sk $#Slezsko $#Silesia $74052678-1 $8--Tg1--Schlesien $x02 $9085146781 247C/01 $82080>Marburg/Lahn, Herder-Institut, Forschungsbibliothek, Bibliographieportal $9336309341
| LEADER | 00000cam a2200000 c 4500 | ||
|---|---|---|---|
| 001 | 375971491 | ||
| 003 | DE-603 | ||
| 005 | 20251217150659.0 | ||
| 007 | tu | ||
| 008 | 160316s2014 xx |||| | u00||u|cze c | ||
| 020 | |a 9788389835659 | ||
| 035 | |a (DE-599)HEB375971491 | ||
| 035 | |a (OCoLC)890412426 | ||
| 040 | |a DE-603 |b ger |c DE-603 |d DE-603 |e rda | ||
| 041 | |a cze |a ger | ||
| 082 | 0 | 4 | |8 1\u |a 910.94385 |q DE-101 |2 23/BSB |
| 083 | 0 | |8 2\u |a 306.094385 |q DE-101 |2 23/BSB | |
| 085 | |8 1\u |b 910 | ||
| 085 | |8 1\u |z 2 |s 4385 | ||
| 085 | |8 2\u |b 306.09 | ||
| 085 | |8 2\u |z 2 |s 4385 | ||
| 110 | 1 | |a Cieszyn |e Geistiger Schöpfer |4 cre |0 (DE-603)085249394 |0 (DE-588)4088880-0 |2 gnd | |
| 245 | 0 | 0 | |a Cieszyn dělá dojem |b = Cieszyn macht Eindruck |c Text/technicka redakce: Renata Karpińska ; překlad z polštiny Jan Baron. Übersetzung aus dem Polnischen Magdalena Engelmann |
| 264 | 1 | |a Cieszyn |b Městský úřad. Odbor kultury a cestovního ruchu |c 2014 | |
| 300 | |a 52 Seiten |b zahlreiche Illustrationen | ||
| 336 | |a Text |b txt |2 rdacontent | ||
| 337 | |a ohne Hilfsmittel zu benutzen |b n |2 rdamedia | ||
| 338 | |a Band |b nc |2 rdacarrier | ||
| 651 | 7 | |a Cieszyn |0 (DE-588)4088880-0 |0 (DE-603)085249394 |2 gnd | |
| 655 | 7 | |a Kunstführer |2 gnd-content |0 (DE-588)4166029-8 |0 (DE-603)085745626 | |
| 700 | 1 | |a Karpińska, Renata |e Verfasser von ergänzendem Text |4 wst |0 (DE-603)284483842 | |
| 700 | 1 | |a Baron, Jan |e Übersetzer |4 trl |0 (DE-603)331996898 | |
| 700 | 1 | |a Engelmann, Magdalena |e Übersetzer |4 trl |0 (DE-603)375971327 | |
| 924 | 0 | |9 Mb 50 |a (DE-603)770042015 |b DE-Mb50 |c HES |d c |g 16.01115 | |
| 924 | 0 | |9 2080 |a (DE-603)1067547738 |b DE-2080 |c HES |d d |g / | |


